[Event "ICS Rated standard match"]
[Site "204.178.125.65"]
[Date "2001.07.24"]
[Round "?"]
[White "Hossa"]
[Black "Hossa-Tester"]
[Result "0-1"]
[WhiteElo "2325"]
[BlackElo "2294"]
[PlyCount "197"]
[EventDate "2001.??.??"]

1. d4 d5 2. c4 e5 3. dxe5 d4 4. Nf3 Nc6 5. g3 Be6 6. Qa4 Qd7 7. Bg2 d3 8. exd3
Qxd3 9. Nfd2 Nge7 10. Be4 Qd4 11. Nc3 O-O-O 12. O-O Kb8 13. Re1 Nxe5 14. Nb5
Qb6 15. c5 Qxc5 16. Nb3 Bxb3 17. axb3 a6 18. Nc3 N7c6 19. Be3 Qd6 20. Red1 Qf6
21. Rxd8+ Nxd8 22. Nd5 Qe6 23. Bf4 Bd6 24. b4 f5 25. Bg2 c6 26. Nb6 Nd3 27. Be3
f4 28. Bd4 fxg3 29. hxg3 Qg4 30. Be3 Bc7 31. Qc2 Bxb6 32. Bxb6 Ne5 33. Qc5 Qe6
34. Rd1 Nd7 35. Qd4 Nxb6 36. Qxb6 Qc8 37. Qc5 Re8 38. Qh5 Qe6 39. Bh3 Qg8 40.
Bd7 Rf8 41. Qe5+ Ka8 42. Qc5 Qb3 43. Bg4 Re8 44. Qb6 Nf7 45. Rd7 Rb8 46. Qd4
Ng5 47. Qxg7 Nf3+ 48. Bxf3 Qxf3 49. Qxh7 Rf8 50. Rd2 Re8 51. Kf1 Re4 52. b5 Ra4
53. Re2 axb5 54. Re7 Ra1+ 55. Re1 Ra4 56. Kg1 Ka7 57. Qh8 Qd5 58. f4 Qc5+ 59.
Kf1 Qc4+ 60. Kf2 Qc2+ 61. Kf3 Qd3+ 62. Kg4 Rd4 63. Qe5 Qg6+ 64. Kf3 Rd5 65.
Qe3+ c5 66. Kf2 b4 67. Qe7 Qh5 68. Qe2 Qh2+ 69. Kf3 Qh5+ 70. Kg2 Qg6 71. Kf2
Rh5 72. Rg1 Rh2+ 73. Rg2 Rh1 74. g4 Qd6 75. Kg3 Qd8 76. Qc2 Qh4+ 77. Kf3 Rh3+
78. Ke4 Qe7+ 79. Kd5 Qd8+ 80. Ke4 Qd6 81. Kf5 Rh6 82. Qc4 Qg6+ 83. Ke5 Qf6+ 84.
Ke4 Qc6+ 85. Kf5 Qxg2 86. Qxc5+ b6 87. Qc7+ Ka6 88. Qc4+ Ka5 89. Kg5 Qh1 90.
Qf7 Qh4+ 91. Kf5 Rc6 92. Qg7 Rc5+ 93. Ke4 Qh1+ 94. Ke3 Rd5 95. Qg6 Qh3+ 96. Ke2
Qg2+ 97. Ke3 Qxb2 98. Qh5 Rxh5 99. gxh5 {Hossa resigns} 0-1

[Event "ICS rated blitz match"]
[Site "204.178.125.65"]
[Date "2001.07.24"]
[Round "?"]
[White "Hossa"]
[Black "noehlan"]
[Result "1-0"]
[WhiteElo "2556"]
[BlackElo "2065"]
[PlyCount "87"]
[EventDate "2001.??.??"]

1. Nf3 c5 2. c4 Nc6 3. Nc3 d6 4. g3 g6 5. d4 cxd4 6. Nxd4 Bg7 7. Nxc6 bxc6 8.
Bg2 Bb7 9. O-O Nf6 10. Bf4 O-O 11. Qd3 Rb8 12. Qd2 c5 13. f3 Ba8 14. b3 a6 15.
Bh6 Qc7 16. Qg5 Qa5 17. Rfc1 Qb6 18. e4 a5 19. Re1 Bxh6 20. Qxh6 Nd7 21. Red1
Bc6 22. h4 Qa6 23. h5 a4 24. Rdc1 axb3 25. axb3 Qb6 26. Rcb1 Ra8 27. Rxa8 Rxa8
28. hxg6 fxg6 29. Bh3 Nf6 30. Be6+ Kh8 31. Nd5 Bxd5 32. exd5 Qb4 33. Qe3 Ra7
34. Bc8 Kg7 35. Bh3 Qa3 36. Be6 Qa2 37. Re1 Qc2 38. Bc8 Qb2 39. Re2 Qb1+ 40.
Kg2 Kf8 41. Qh6+ Ke8 42. Qg7 Qxb3 43. Qh8+ Kf7 44. Be6# {noehlan checkmated}
1-0

[Event "ICS rated blitz match"]
[Site "204.178.125.65"]
[Date "2001.07.24"]
[Round "?"]
[White "Hossa"]
[Black "jazzman-cps"]
[Result "1-0"]
[WhiteElo "2560"]
[BlackElo "2100"]
[PlyCount "63"]
[EventDate "2001.??.??"]

1. Nf3 c5 2. c4 Nf6 3. g3 g6 4. Bg2 Bg7 5. O-O O-O 6. d4 cxd4 7. Nxd4 Nc6 8.
Nc3 a6 9. e3 Qc7 10. c5 Nb4 11. a3 Nc6 12. Na4 Nxd4 13. exd4 Rb8 14. Nb6 d6 15.
Nxc8 Rfxc8 16. Bf4 Nh5 17. cxd6 exd6 18. Bh3 Re8 19. Be3 f5 20. Bxf5 gxf5 21.
Qxh5 Qc2 22. Rfc1 Qxb2 23. Qxf5 Kh8 24. Qd5 Rxe3 25. fxe3 Rf8 26. Qa2 Bxd4 27.
exd4 Qxd4+ 28. Kh1 Rf2 29. Rc8+ Kg7 30. Rg8+ Kh6 31. Qe6+ Kh5 32. Qh3+ {
jazzman-cps resigns} 1-0

[Event "ICS rated standard match"]
[Site "204.178.125.65"]
[Date "2001.07.24"]
[Round "?"]
[White "Hossa-Tester"]
[Black "Hossa"]
[Result "1/2-1/2"]
[WhiteElo "2311"]
[BlackElo "2308"]
[PlyCount "128"]
[EventDate "2001.??.??"]

1. e4 Nf6 2. e5 Nd5 3. d4 d6 4. c4 Nb6 5. f4 dxe5 6. fxe5 Nc6 7. Be3 Bf5 8. Nc3
e6 9. Nf3 Bb4 10. Be2 Na5 11. c5 Nd5 12. Bd2 Nc6 13. O-O O-O 14. a3 Nxc3 15.
bxc3 Ba5 16. Bb5 Ne7 17. Nh4 Nd5 18. Nxf5 Bxc3 19. Rc1 Bxd2 20. Qxd2 exf5 21.
c6 b6 22. Rxf5 Qe7 23. Qd3 Qe6 24. Rcf1 Rad8 25. Qh3 Rde8 26. Qg3 Ra8 27. Rg5
g6 28. Qb3 Rad8 29. Rf3 Qe7 30. Rg4 f5 31. Rgg3 Qh4 32. Rd3 f4 33. Rgf3 Kg7 34.
Qd1 Ne3 35. Qe2 Rd5 36. a4 Qd8 37. g3 Rxd4 38. Rxf4 Rfxf4 39. gxf4 Nf5 40. Qe4
Rxd3 41. Bxd3 Qd4+ 42. Kg2 Qb2+ 43. Qe2 Qc1 44. Bxf5 gxf5 45. Qf3 Qc4 46. Kg3
h6 47. Qg2 Kf7 48. Qd2 Qxc6 49. Qd8 a6 50. h3 a5 51. Qc8 Kg6 52. Kh4 Qc4 53.
Qe8+ Qf7 54. Qc6+ Kg7 55. Qg2+ Kf8 56. Qc6 Qe7+ 57. Kg3 h5 58. Kf3 Kg7 59. Ke3
h4 60. Kd4 Kf7 61. Kd5 Qd8+ 62. Kc4 Qe7 63. Kd5 Qd8+ 64. Kc4 Qe7 {
Game drawn by mutual agreement} 1/2-1/2

[Event "ICS rated standard match"]
[Site "204.178.125.65"]
[Date "2001.07.24"]
[Round "?"]
[White "Hossa"]
[Black "Hossa-Tester"]
[Result "1-0"]
[WhiteElo "2308"]
[BlackElo "2311"]
[PlyCount "43"]
[EventDate "2001.??.??"]

1. Nf3 d5 2. d4 c5 3. g3 cxd4 4. Bg2 Nc6 5. Nxd4 Nf6 6. c4 e5 7. Nxc6 bxc6 8.
cxd5 cxd5 9. Nc3 Be6 10. O-O Bc5 11. Bg5 e4 12. Rc1 Rc8 13. Bxf6 gxf6 14. Na4
Be7 15. Qd4 O-O 16. Qxa7 Bd6 17. Qe3 Be5 18. Qd2 f5 19. Rxc8 Qxc8 20. b4 Qa6
21. Nc5 Qa3 22. Rc1 {Hossa-Tester resigns} 1-0

[Event "ICS rated standard match"]
[Site "204.178.125.65"]
[Date "2001.07.24"]
[Round "?"]
[White "Hossa-Tester"]
[Black "Hossa"]
[Result "1-0"]
[WhiteElo "2295"]
[BlackElo "2324"]
[PlyCount "124"]
[EventDate "2001.??.??"]

1. f4 Nf6 2. b3 g6 3. Bb2 Bg7 4. e3 O-O 5. Nf3 d6 6. Be2 c5 7. O-O Nc6 8. c4
Bd7 9. Nc3 Ng4 10. h3 Nh6 11. Qe1 Nb4 12. Rb1 Nf5 13. a3 Na6 14. g4 Nh6 15. e4
f5 16. exf5 gxf5 17. g5 Nf7 18. Qg3 Kh8 19. Qh4 Rg8 20. Rbe1 e6 21. Kh2 Bc6 22.
Rg1 Nc7 23. Bd1 Qe7 24. d3 Rab8 25. a4 Bxf3 26. Bxf3 Nd8 27. Rg2 Bd4 28. Nd5
Nxd5 29. Bxd4+ cxd4 30. Bxd5 Rg6 31. Qf2 Nc6 32. h4 e5 33. fxe5 Nxe5 34. Qxd4
b6 35. Kh1 Rg7 36. Rf1 Ng4 37. Rg3 Qe2 38. Qg1 Ne5 39. Rxf5 Ng6 40. Rgf3 Re8
41. Qd4 Qd2 42. Rf1 Qe2 43. Rf6 a6 44. Bf7 Ra8 45. Bxg6 hxg6 46. Qxd6 Qg4 47.
Qh2 Rd8 48. R6f4 Qh5 49. Qb2 Re8 50. b4 Kg8 51. Qf2 Rb8 52. Qe3 a5 53. Qe5 Rd8
54. bxa5 bxa5 55. d4 Kh7 56. d5 Rdd7 57. d6 Rd8 58. c5 Rc8 59. c6 Rcg8 60. c7
Rf8 61. Rxf8 Qxh4+ 62. Kg2 Qg4+ {Hossa resigns} 1-0

[Event "ICS rated blitz match"]
[Site "204.178.125.65"]
[Date "2001.07.24"]
[Round "?"]
[White "jordiquiII"]
[Black "Hossa"]
[Result "1-0"]
[WhiteElo "2616"]
[BlackElo "2562"]
[PlyCount "72"]
[EventDate "2001.??.??"]

1. e4 e5 2. Nf3 Nf6 3. Nxe5 d6 4. Nf3 Nxe4 5. d4 d5 6. Bd3 Be7 7. O-O Nc6 8. c4
Nb4 9. Be2 O-O 10. Nc3 Be6 11. Ne5 f6 12. Nf3 c5 13. Be3 Rc8 14. dxc5 Bxc5 15.
Bxc5 Rxc5 16. Qb3 Nc6 17. Nxd5 Na5 18. Qd3 Nxc4 19. Nf4 Bf5 20. b4 Ned6 21. Qd4
Rc8 22. Rfd1 Qe7 23. Rac1 Nb6 24. a4 Nf7 25. a5 Rfd8 26. axb6 Rxd4 27. Nxd4 Re8
28. Nxf5 Qe5 29. Rc5 Qxf4 30. bxa7 Qxb4 31. Rdc1 Qa4 32. Rc8 Kf8 33. Bb5 Qd1+
34. Rxd1 Rxc8 35. Re1 Ne5 36. f4 Ra8 {Hossa resigns} 1-0

[Event "ICS rated blitz match"]
[Site "204.178.125.65"]
[Date "2001.07.24"]
[Round "?"]
[White "Hossa"]
[Black "jordiquiII"]
[Result "0-1"]
[WhiteElo "2548"]
[BlackElo "2630"]
[PlyCount "85"]
[EventDate "2001.??.??"]

1. e4 c5 2. Nf3 d6 3. d4 cxd4 4. Nxd4 Nf6 5. Nc3 a6 6. Bg5 e6 7. f4 Qb6 8. a3
Nc6 9. Nb3 h6 10. Bxf6 gxf6 11. Qf3 Na5 12. Nxa5 Qxa5 13. O-O-O Bd7 14. f5 Qe5
15. Bd3 O-O-O 16. Qh5 Rg8 17. g3 d5 18. exd5 Bxa3 19. Kb1 exd5 20. Qxf7 Bxb2
21. Kxb2 Rg4 22. Kb3 a5 23. Na2 Qd4 24. Rb1 a4+ 25. Ka3 Qc5+ 26. Kb2 a3+ 27.
Ka1 Qd4+ 28. c3 Qxd3 29. Qxf6 Re8 30. Nb4 Qc4 31. Rhd1 d4 32. Rbc1 Qb3 33.
cxd4+ Kb8 34. Nd3 Ka7 35. Rd2 Bb5 36. Nf4 Re1 37. Rxe1 Qc3+ 38. Kb1 Qxd2 39. d5
Rxf4 40. gxf4 Bd3+ 41. Ka1 Bc4 42. Qb6+ Kxb6 43. Rb1+ {Hossa resigns} 0-1

[Event "ICS rated blitz match"]
[Site "204.178.125.65"]
[Date "2001.07.24"]
[Round "?"]
[White "cfd"]
[Black "Hossa"]
[Result "0-1"]
[WhiteElo "2152"]
[BlackElo "2536"]
[PlyCount "64"]
[EventDate "2001.??.??"]

1. e4 Nf6 2. d3 e5 3. Nf3 Nc6 4. g3 Bc5 5. Bg2 d5 6. Nbd2 dxe4 7. dxe4 O-O 8.
O-O Qe7 9. c3 Rd8 10. Qc2 Ng4 11. b4 Bxf2+ 12. Rxf2 Nxf2 13. Kxf2 a5 14. Nb3
axb4 15. c4 Nd4 16. Nfxd4 exd4 17. Qd3 c5 18. Bf4 Be6 19. Kg1 b5 20. Nd2 g5 21.
cxb5 Ra3 22. Qe2 gxf4 23. gxf4 Qh4 24. f5 Bxa2 25. Nf3 Bc4 26. Qb2 Rxa1+ 27.
Qxa1 Qxe4 28. b6 Qxf5 29. Qa7 Qb1+ 30. Kf2 Re8 31. Kg3 Qg6+ 32. Kf2 Re2+ {
cfd resigns} 0-1

[Event "ICS rated blitz match"]
[Site "204.178.125.65"]
[Date "2001.07.24"]
[Round "?"]
[White "Hossa"]
[Black "cfd"]
[Result "1/2-1/2"]
[WhiteElo "2539"]
[BlackElo "2149"]
[PlyCount "121"]
[EventDate "2001.??.??"]

1. e4 d6 2. d4 e5 3. dxe5 dxe5 4. Qxd8+ Kxd8 5. Nf3 Bd6 6. Bc4 Be6 7. Bxe6 fxe6
8. Ng5 Ke7 9. O-O Nf6 10. Nd2 Nc6 11. c3 h6 12. Ngf3 Raf8 13. b3 g5 14. Bb2 Nd7
15. Rad1 Rf4 16. Ne1 Rff8 17. b4 a6 18. a4 b5 19. axb5 axb5 20. Nc2 Ra8 21. Na3
Rhb8 22. Rfe1 Nb6 23. Re3 Na4 24. Ba1 Kf6 25. Rh3 Kg6 26. Nc2 Nb6 27. Ne3 Ra2
28. Ng4 h5 29. Ne3 Rba8 30. Nb3 R2a3 31. Na5 Nxa5 32. bxa5 R8xa5 33. Bb2 Ra2
34. Bc1 Ra1 35. g4 h4 36. Kg2 Nc4 37. Nxc4 bxc4 38. Rf1 Rb1 39. Re3 Raa1 40.
Ree1 Ba3 41. Bd2 Rxe1 42. Rxe1 Rxe1 43. Bxe1 Kf6 44. Bd2 Bb2 45. h3 Ba3 46. Kf3
Bc5 47. Be3 Bxe3 48. Kxe3 Ke7 49. Kd2 Kd6 50. Kc2 Kc5 51. Kb2 Kb5 52. Kb1 Ka4
53. Kb2 c6 54. Ka2 c5 55. Kb2 Kb5 56. Kc2 Ka5 57. Kc1 Ka4 58. Kb2 Kb5 59. Kc2
Ka5 60. Kc1 Ka4 61. Kb2 {Game drawn by repetition} 1/2-1/2

[Event "ICS rated blitz match"]
[Site "204.178.125.65"]
[Date "2001.07.24"]
[Round "?"]
[White "cfd"]
[Black "Hossa"]
[Result "0-1"]
[WhiteElo "2162"]
[BlackElo "2526"]
[PlyCount "92"]
[EventDate "2001.??.??"]

1. Nf3 d5 2. g3 Nf6 3. Bg2 c6 4. O-O Bg4 5. d3 Nbd7 6. Nbd2 e5 7. h3 Bh5 8. e4
Bd6 9. c3 O-O 10. Qc2 Qe7 11. Re1 Nc5 12. Nf1 dxe4 13. dxe4 Rfd8 14. Nh4 Bc7
15. b4 Nd3 16. Re3 Nxc1 17. Rxc1 Bb6 18. Rd3 Rxd3 19. Qxd3 Rd8 20. Qc2 Nd7 21.
Nf5 Qf8 22. g4 Bg6 23. N1e3 Bxe3 24. Nxe3 Qe7 25. Rd1 h5 26. Nf5 Bxf5 27. gxf5
c5 28. Qd2 b6 29. Kh2 cxb4 30. cxb4 a6 31. Bf1 Qh4 32. Qe3 Nb8 33. Rxd8+ Qxd8
34. Bc4 Nc6 35. a3 b5 36. Bd5 Nd4 37. Qg3 Kf8 38. h4 Nxf5 39. Qxe5 Qxh4+ 40.
Kg2 Qg4+ 41. Kh2 Ne7 42. Qg3 Qxg3+ 43. Kxg3 Nxd5 44. exd5 Ke7 45. Kf4 Kd6 46.
Ke4 h4 {cfd resigns} 0-1

[Event "ICS rated blitz match"]
[Site "204.178.125.65"]
[Date "2001.07.24"]
[Round "?"]
[White "Hossa"]
[Black "noehlan"]
[Result "1-0"]
[WhiteElo "2530"]
[BlackElo "2053"]
[PlyCount "123"]
[EventDate "2001.??.??"]

1. d4 d5 2. Bg5 Nf6 3. Nc3 e6 4. e4 dxe4 5. Nxe4 Be7 6. Nxf6+ Bxf6 7. Bxf6 Qxf6
8. c3 O-O 9. Qf3 c6 10. Qxf6 gxf6 11. Nf3 Nd7 12. Bd3 Re8 13. Kd2 b6 14. Ke3
Bb7 15. h4 e5 16. dxe5 fxe5 17. Bf5 Nc5 18. Rh3 Ne6 19. Ng5 Nxg5 20. hxg5 c5
21. g3 Rad8 22. Rxh7 Rd6 23. g6 fxg6 24. Bxg6 Rxg6 25. Rxb7 Rg7 26. Rxg7+ Kxg7
27. Rd1 Re7 28. Ke4 Kf6 29. Rd6+ Kg5 30. f3 Kh5 31. Rd5 Rg7 32. Rxe5+ Kg6 33.
Kf4 Kf6 34. Rh5 Ke6 35. b3 Rf7+ 36. Ke4 Kd6 37. Rh6+ Kc7 38. Rg6 Re7+ 39. Kf4
Rf7+ 40. Kg4 Re7 41. Rf6 Rg7+ 42. Kf4 Kd7 43. a3 Ke7 44. Rc6 Rf7+ 45. Ke4 Kd7
46. Rg6 Re7+ 47. Kf4 Rf7+ 48. Kg4 Ke7 49. b4 cxb4 50. axb4 Kd7 51. c4 Kc7 52.
b5 Rd7 53. Kf5 Rd3 54. Ke4 Rd1 55. Rg7+ Kb8 56. Ke5 Re1+ 57. Kd5 Rf1 58. Kc6 a5
59. c5 bxc5 60. Rg8+ Ka7 61. b6+ Ka6 62. Ra8# {noehlan checkmated} 1-0

[Event "ICS rated blitz match"]
[Site "204.178.125.65"]
[Date "2001.07.24"]
[Round "?"]
[White "noehlan"]
[Black "Hossa"]
[Result "0-1"]
[WhiteElo "2051"]
[BlackElo "2532"]
[PlyCount "90"]
[EventDate "2001.??.??"]

1. c4 c5 2. Nc3 Nc6 3. g3 g6 4. Bg2 Bg7 5. Nf3 Nf6 6. O-O O-O 7. d3 d6 8. a3
Bd7 9. Rb1 Ng4 10. Bd2 Nd4 11. Nxd4 cxd4 12. Ne4 h6 13. h3 Ne5 14. b4 f5 15.
Nxd6 exd6 16. Bxb7 Rb8 17. Bd5+ Nf7 18. b5 f4 19. Bxf4 Bxh3 20. Re1 Qd7 21. Qd2
g5 22. Bxg5 hxg5 23. Qxg5 Qg4 24. Qd2 Rbe8 25. a4 Qh5 26. a5 Be6 27. Bf3 Qh8
28. b6 axb6 29. axb6 Bh6 30. Qb4 Bg5 31. b7 Rb8 32. c5 dxc5 33. Qxc5 Bf6 34.
Rec1 Ng5 35. Bg2 Qh5 36. Qc2 Rf7 37. Qb2 Rh7 38. f3 Qh2+ 39. Kf2 Nh3+ 40. Ke1
Qxg3+ 41. Kd2 Bg5+ 42. Kc2 Rc7+ 43. Kd1 Nf2+ 44. Ke1 Nxd3+ 45. Kf1 Qf2# {
noehlan checkmated} 0-1

[Event "ICS rated blitz match"]
[Site "204.178.125.65"]
[Date "2001.07.24"]
[Round "?"]
[White "tormentor"]
[Black "Hossa"]
[Result "1-0"]
[WhiteElo "2344"]
[BlackElo "2509"]
[PlyCount "129"]
[EventDate "2001.??.??"]

1. d4 d5 2. Nf3 Nc6 3. c4 Bg4 4. e3 e6 5. Nc3 Nf6 6. h3 Bf5 7. cxd5 Nxd5 8. Bb5
Be7 9. Ne5 Qd6 10. Qf3 O-O 11. Bxc6 bxc6 12. e4 Nb4 13. O-O Qxd4 14. Bf4 Bg6
15. Rad1 Qb6 16. Nd7 Qb7 17. Nxf8 Bxf8 18. Rd7 Na6 19. Rd2 Be7 20. Rfd1 Qc8 21.
a3 Nc5 22. b4 Na6 23. Qd3 Bh5 24. Ne2 c5 25. g4 cxb4 26. gxh5 bxa3 27. h6 g6
28. Qc3 Qf8 29. Rd7 Bh4 30. Be3 Rc8 31. Qc4 Nb8 32. Nf4 Nxd7 33. Rxd7 Rb8 34.
Nd3 Rb7 35. Ne5 Be7 36. Nc6 Bh4 37. Qa6 Qa8 38. Kg2 Qc8 39. Re7 Qf8 40. Rxf7
Qxf7 41. Qxb7 Qf8 42. Qxc7 Bf6 43. Qd7 Qf7 44. Qc8+ Qf8 45. Qxe6+ Qf7 46. Qc8+
Qf8 47. Qxf8+ Kxf8 48. Bc5+ Ke8 49. Bxa3 a6 50. f4 Bh4 51. Kf3 Be1 52. Bb2 Kf7
53. Kg4 a5 54. Ne5+ Kg8 55. Nd7 Bb4 56. Nf6+ Kh8 57. f5 gxf5+ 58. Kxf5 Bd2 59.
Ke6 a4 60. Kf7 a3 61. Ba1 Bc1 62. Ne8+ Bb2 63. Nd6 Bxa1 64. Kf8 a2 65. Nf7# {
Hossa checkmated} 1-0

[Event "ICS rated blitz match"]
[Site "204.178.125.65"]
[Date "2001.07.24"]
[Round "?"]
[White "Hossa"]
[Black "cfd"]
[Result "1-0"]
[WhiteElo "2486"]
[BlackElo "2158"]
[PlyCount "30"]
[EventDate "2001.??.??"]

1. Nf3 Nf6 2. c4 c5 3. g3 g6 4. Bg2 Bg7 5. O-O Nc6 6. d4 d6 7. dxc5 dxc5 8.
Qxd8+ Kxd8 9. Nc3 a6 10. Na4 Nd7 11. Ng5 Ke8 12. Bxc6 bxc6 13. Rb1 Rb8 14. Bf4
e5 15. Be3 Rb4 {cfd resigns} 1-0

[Event "ICS rated standard match"]
[Site "204.178.125.65"]
[Date "2001.07.24"]
[Round "?"]
[White "Hossa"]
[Black "Hossa-Tester"]
[Result "1/2-1/2"]
[WhiteElo "2307"]
[BlackElo "2312"]
[PlyCount "171"]
[EventDate "2001.??.??"]

1. e4 d5 2. exd5 Nf6 3. Bb5+ Bd7 4. Bc4 Bg4 5. f3 Bc8 6. Nc3 Nbd7 7. d3 Nb6 8.
Nge2 Nbxd5 9. O-O e6 10. Ne4 Be7 11. d4 O-O 12. c3 b6 13. Bb3 c5 14. c4 Nb4 15.
a3 Nc6 16. d5 exd5 17. cxd5 Na5 18. d6 Bxd6 19. Bxf7+ Rxf7 20. Nxd6 Rd7 21. Bf4
c4 22. Be5 Nb7 23. Nxb7 Qe7 24. Bd4 Bxb7 25. Qc2 b5 26. Rfe1 a6 27. Nf4 Qd6 28.
Be5 Qc6 29. Kh1 Re7 30. Bc3 Rae8 31. Rxe7 Rxe7 32. Rd1 Qe8 33. Qf5 Rd7 34. Re1
Re7 35. Rf1 Qd7 36. Qg5 Qd6 37. Rb1 Re8 38. Bxf6 Qxf6 39. Qxf6 gxf6 40. Rd1 Kf7
41. Kg1 Re5 42. Rd7+ Re7 43. Rd6 Bc8 44. Kf2 Rd7 45. Rc6 Bb7 46. Rb6 Bc8 47.
Ke3 Ke7 48. a4 bxa4 49. Rc6 Kd8 50. Ne6+ Ke7 51. Nc5 c3 52. bxc3 a3 53. Rxc8 a2
54. Nb3 Rb7 55. Rc6 a5 56. Ra6 Rxb3 57. Rxa5 Rb2 58. g4 Rxh2 59. Ra6 Kd7 60.
Ke4 Kc7 61. Kf5 h5 62. gxh5 Rxh5+ 63. Kg6 Rh2 64. f4 Kb7 65. Ra3 Rf2 66. f5 Rb2
67. Ra4 Rd2 68. c4 Kc6 69. Kxf6 Kc5 70. Kf7 Kd4 71. f6 Kc3 72. Rxa2 Rxa2 73. c5
Kd4 74. c6 Ke5 75. c7 Rc2 76. Ke8 Rxc7 77. f7 Ke6 78. f8=N+ Kd6 79. Ng6 Rg7 80.
Nf8 Re7+ 81. Kd8 Rf7 82. Ke8 Rg7 83. Kd8 Ra7 84. Ke8 Ra8+ 85. Kf7 Rxf8+ 86.
Kxf8 {Game drawn because neither player has mating material} 1/2-1/2

[Event "ICS rated standard match"]
[Site "204.178.125.65"]
[Date "2001.07.24"]
[Round "?"]
[White "Hossa-Tester"]
[Black "Hossa"]
[Result "1-0"]
[WhiteElo "2312"]
[BlackElo "2307"]
[PlyCount "68"]
[EventDate "2001.??.??"]

1. e4 Nf6 2. e5 Nd5 3. d4 d6 4. Nf3 Nc6 5. c4 Nb6 6. e6 fxe6 7. Ng5 g6 8. d5
exd5 9. cxd5 Nb4 10. Qf3 Nc2+ 11. Kd1 Bf5 12. Bb5+ Nd7 13. g4 Nd4 14. Qf4 Nxb5
15. gxf5 Nf6 16. Ne6 Qc8 17. a4 Nxd5 18. Qg5 Nd4 19. Nxd4 gxf5 20. Re1 e5 21.
Qh5+ Kd8 22. Qf7 Be7 23. Qxd5 exd4 24. Qxd4 Rg8 25. Ra3 c5 26. Qd5 Rg4 27. Bd2
Rg7 28. Rae3 f4 29. R3e2 Qc6 30. Qxc6 bxc6 31. Bc3 Rf7 32. Rxe7 Rxe7 33. Bf6 h6
34. Rxe7 Kc8 {Hossa resigns} 1-0

[Event "ICS rated standard match"]
[Site "204.178.125.65"]
[Date "2001.07.24"]
[Round "?"]
[White "Hossa"]
[Black "Hossa-Tester"]
[Result "1/2-1/2"]
[WhiteElo "2291"]
[BlackElo "2328"]
[PlyCount "153"]
[EventDate "2001.??.??"]

1. e4 Nf6 2. e5 Nd5 3. d4 d6 4. c4 Nb6 5. f4 dxe5 6. fxe5 Nc6 7. Be3 Bf5 8. Nc3
e6 9. Nf3 Qd7 10. d5 exd5 11. cxd5 Nb4 12. Nd4 N6xd5 13. Nxd5 Nxd5 14. Nxf5
O-O-O 15. Qd3 g6 16. Ng3 Nxe3 17. Qxe3 Bc5 18. Qf4 Rhe8 19. Be2 Qd5 20. Rf1 g5
21. Qg4+ Kb8 22. Rf3 Qxe5 23. Rb1 f6 24. b4 Bb6 25. Qc4 Bg1 26. Kf1 Bxh2 27.
Nf5 g4 28. Rf2 h5 29. Bd3 Rd5 30. a4 c6 31. Bc2 Ka8 32. Re2 Qb8 33. Rxe8 Qxe8
34. Rd1 Rxd1+ 35. Bxd1 Be5 36. Bc2 a6 37. Be4 Qd8 38. Ke2 Bf4 39. Qc2 h4 40.
Nxh4 Qd4 41. Nf5 Qxb4 42. Kf1 Bc7 43. Ne3 Ba5 44. Ke2 Qe1+ 45. Kd3 Bb6 46. Nxg4
Qg3+ 47. Bf3 f5 48. Ne3 Qd6+ 49. Nd5 Bc7 50. Qb3 Ba5 51. Kc2 cxd5 52. Bxd5 Qc5+
53. Kb1 Bb6 54. Qc4 Qg1+ 55. Qc1 Ka7 56. Qxg1 Bxg1 57. Kc2 Kb6 58. Kd3 Kc7 59.
Be6 f4 60. Ke4 Bh2 61. Kd4 Kd6 62. Bc4 a5 63. Bd5 b6 64. Bb7 Bg1+ 65. Ke4 b5
66. axb5 a4 67. Bd5 Kc5 68. b6 Kxb6 69. Kxf4 Bh2+ 70. g3 Kc5 71. Ke5 Bxg3+ 72.
Ke6 a3 73. Ba2 Kb4 74. Kf6 Kc3 75. Kg6 Kb2 76. Bc4 a2 77. Bxa2 {
Game drawn because neither player has mating material} 1/2-1/2

[Event "ICS rated standard match"]
[Site "204.178.125.65"]
[Date "2001.07.24"]
[Round "?"]
[White "Hossa-Tester"]
[Black "Hossa"]
[Result "1-0"]
[WhiteElo "2326"]
[BlackElo "2293"]
[PlyCount "114"]
[EventDate "2001.??.??"]

1. e4 Nf6 2. e5 Nd5 3. d4 d6 4. c4 Nb6 5. exd6 exd6 6. Nc3 Be7 7. Bd3 Nc6 8.
Nge2 O-O 9. O-O Re8 10. Be3 Nb4 11. b3 Nxd3 12. Qxd3 c6 13. Rfe1 d5 14. Ng3 Be6
15. c5 Nc8 16. Re2 b6 17. b4 Bg4 18. f3 Be6 19. Rae1 Bh4 20. Bf4 Ne7 21. Bd6
Nf5 22. Nxf5 Bxe1 23. Ne7+ Rxe7 24. Bxe7 Qxe7 25. Rxe1 a5 26. b5 bxc5 27. bxc6
Qd6 28. Qb5 cxd4 29. Ne2 d3 30. Nd4 Qb4 31. Qxb4 axb4 32. Ra1 Ra3 33. Kf2 Bc8
34. Ke3 Kf8 35. Nb5 Ra5 36. Nd4 Ba6 37. Nb3 Ra3 38. Kd4 Bc4 39. c7 Ra8 40. Kc5
Ba6 41. a4 Ke7 42. Kc6 Bc8 43. Re1+ Kf6 44. Re8 h5 45. a5 Ra6+ 46. Kb5 Ra8 47.
Kxb4 g5 48. Kc3 Kf5 49. Nd4+ Kf6 50. Nc6 g4 51. fxg4 hxg4 52. Kd2 g3 53. hxg3
d4 54. Ne7 Rxa5 55. Nxc8 Rc5 56. Nb6 Kg5 57. c8=Q Rxc8 {Hossa resigns} 1-0

[Event "ICS rated standard match"]
[Site "204.178.125.65"]
[Date "2001.07.24"]
[Round "?"]
[White "Hossa"]
[Black "Hossa-Tester"]
[Result "1/2-1/2"]
[WhiteElo "2279"]
[BlackElo "2340"]
[PlyCount "69"]
[EventDate "2001.??.??"]

1. e4 Nf6 2. e5 Nd5 3. d4 d6 4. c4 Nb6 5. f4 dxe5 6. fxe5 c5 7. d5 e6 8. Nc3
exd5 9. cxd5 c4 10. d6 Nc6 11. Nf3 Bg4 12. Bf4 g5 13. Ne4 gxf4 14. Nf6+ Qxf6
15. exf6 O-O-O 16. Qc1 Bxd6 17. Bxc4 Rhe8+ 18. Kf1 Kb8 19. Bb5 Rc8 20. Qb1 Nd5
21. Qxh7 Ne3+ 22. Kf2 Bc5 23. Rhc1 Bb6 24. Bxc6 Bf5 25. Bxe8 Nc4+ 26. Kf1 Bxh7
27. Bxf7 Bd3+ 28. Ke1 Ba5+ 29. b4 Bxb4+ 30. Kf2 Bc5+ 31. Ke1 Bb4+ 32. Kf2 Bc5+
33. Ke1 Bb4+ 34. Kf2 Bc5+ 35. Ke1 {Game drawn by repetition} 1/2-1/2

[Event "ICS rated standard match"]
[Site "204.178.125.65"]
[Date "2001.07.25"]
[Round "?"]
[White "Hossa-Tester"]
[Black "Hossa"]
[Result "1/2-1/2"]
[WhiteElo "2337"]
[BlackElo "2282"]
[PlyCount "122"]
[EventDate "2001.??.??"]

1. e4 Nf6 2. e5 Nd5 3. d4 d6 4. exd6 exd6 5. c4 Nf6 6. Nc3 Be7 7. Bd3 Nc6 8.
Nge2 O-O 9. b3 Re8 10. O-O Nb4 11. Bb1 d5 12. a3 Nc6 13. Qd3 g6 14. Bg5 Na5 15.
Ba2 dxc4 16. bxc4 Bf5 17. Qd2 Be6 18. c5 Bxa2 19. Qxa2 b6 20. Rad1 Ng4 21. Bf4
Bg5 22. Bg3 Qd7 23. h3 Nf6 24. Be5 Qc6 25. f4 Bh6 26. f5 g5 27. Rb1 Rxe5 28.
dxe5 Qxc5+ 29. Kh1 Qxe5 30. Rbd1 Re8 31. Rf3 g4 32. hxg4 Nxg4 33. Rg3 Qxf5 34.
Qd5 Qg6 35. Rf1 Re6 36. Rf5 Nc6 37. Qf3 Nce5 38. Rxe5 Rxe5 39. Qxg4 Qxg4 40.
Rxg4+ Kf8 41. g3 c5 42. Kg2 Bd2 43. Re4 Re6 44. Rxe6 fxe6 45. Nb5 a6 46. Nc7
Ke7 47. Nxa6 Kd7 48. Kf3 Kc6 49. Ke4 Kb7 50. Nxc5+ bxc5 51. Ke5 c4 52. Kd4 c3
53. Nxc3 Bc1 54. Ne2 Bxa3 55. Ke5 Bb2+ 56. Kxe6 h5 57. Kf5 Kc6 58. Nf4 Bc3 59.
Nxh5 Be1 60. g4 Bh4 61. g5 Bxg5 {
Game drawn because neither player has mating material} 1/2-1/2

[Event "ICS rated standard match"]
[Site "204.178.125.65"]
[Date "2001.07.25"]
[Round "?"]
[White "Hossa"]
[Black "Hossa-Tester"]
[Result "1/2-1/2"]
[WhiteElo "2285"]
[BlackElo "2334"]
[PlyCount "184"]
[EventDate "2001.??.??"]

1. e4 Nf6 2. e5 Nd5 3. d4 d6 4. c4 Nb6 5. f4 dxe5 6. fxe5 c5 7. d5 e6 8. Nc3
Qh4+ 9. g3 Qd4 10. Qe2 Bd7 11. Nf3 Qg4 12. Bf4 Be7 13. h3 Qf5 14. Qe3 exd5 15.
cxd5 c4 16. Nd4 Qg6 17. d6 Bd8 18. Bg2 Bc6 19. Qe2 O-O 20. O-O-O Bxg2 21. Qxg2
N8d7 22. h4 h5 23. Qc2 Qxc2+ 24. Kxc2 Re8 25. Rhe1 Nc5 26. Re2 Nbd7 27. Rf1 a6
28. Nd5 Rc8 29. Nf5 Ne6 30. Be3 Nxe5 31. Bf2 Nd7 32. Nfe7+ Bxe7 33. Nxe7+ Rxe7
34. dxe7 Re8 35. Kc3 Rxe7 36. Kxc4 Nf6 37. Bb6 Rd7 38. Rf5 Rd6 39. Bg1 b5+ 40.
Kc3 Nd5+ 41. Kb3 Ne7 42. Rf3 Nc6 43. Kc3 Rd1 44. Bb6 Rc1+ 45. Kd2 Rb1 46. Rb3
Ncd4 47. Bxd4 Nxd4 48. Re8+ Kh7 49. Rd3 Nf5 50. Kc3 Rc1+ 51. Kb4 Rc4+ 52. Ka5
Ra4+ 53. Kb6 Rxa2 54. b3 Rg2 55. Re5 Rxg3 56. Rxg3 Nxg3 57. Rg5 Ne4 58. Rxh5+
Kg6 59. Rd5 f5 60. Kxa6 f4 61. Re5 Nd2 62. Rg5+ Kf6 63. Rg4 f3 64. Rd4 Nxb3 65.
Rf4+ Kg6 66. Rxf3 Nc5+ 67. Kxb5 Ne6 68. Kc4 Kh5 69. Kd5 Kg4 70. Rf1 Nf4+ 71.
Ke4 Nh3 72. h5 Kxh5 73. Kf3 Kh4 74. Ra1 Ng5+ 75. Kf4 Nh3+ 76. Kf5 g5 77. Ke4 g4
78. Kf5 Kg3 79. Ra4 Nf2 80. Ra7 Kh2 81. Rh7+ Kg3 82. Ke5 Kf3 83. Ra7 g3 84.
Ra3+ Kg2 85. Kf4 Nh3+ 86. Kg4 Nf2+ 87. Kh4 Nh1 88. Ra1 Kh2 89. Kg4 g2 90. Ra2
Nf2+ 91. Rxf2 Kh1 92. Rxg2 Kxg2 {
Game drawn because neither player has mating material} 1/2-1/2